000
00250nam a22001217a 4500
008
171030b xxu||||| |||| 00| 0 eng d
041
_a
eng
080
_a
33
100
_a
58
101
_a
BUS
245
_a
PROCEEDINGS
_c
SPEARS,M.C
942
_2
udc
_c
BK
999
_c
36495
_d
36495